|
|
|
|
| LEADER |
01942nam a2200469 a 4500 |
| 001 |
EBC700725 |
| 003 |
MiAaPQ |
| 005 |
20200520144314.0 |
| 006 |
m o d | |
| 007 |
cr cn||||||||| |
| 008 |
051202s2006 enkad sb 001 0 eng d |
| 010 |
|
|
|z 2005035291
|
| 020 |
|
|
|z 190520907X
|
| 020 |
|
|
|z 9781905209071
|
| 020 |
|
|
|a 9780470394465 (electronic bk.)
|
| 035 |
|
|
|a (MiAaPQ)EBC700725
|
| 035 |
|
|
|a (Au-PeEL)EBL700725
|
| 035 |
|
|
|a (CaPaEBR)ebr10671517
|
| 035 |
|
|
|a (CaONFJC)MIL51065
|
| 035 |
|
|
|a (OCoLC)879945137
|
| 040 |
|
|
|a MiAaPQ
|c MiAaPQ
|d MiAaPQ
|
| 041 |
1 |
|
|a eng
|h fre
|
| 050 |
|
4 |
|a HF5415.127
|b .C5513 2006
|
| 082 |
0 |
4 |
|a 658.8/04
|2 22
|
| 100 |
1 |
|
|a Cliquet, Gerard.
|
| 240 |
1 |
0 |
|a Geomarketing.
|l English
|
| 245 |
1 |
0 |
|a Geomarketing
|h [electronic resource] :
|b methods and strategies in special martketing /
|c Gerard Cliquet ; [Translated by Eugene Hughes].
|
| 250 |
|
|
|a 1st ed.
|
| 260 |
|
|
|a London :
|b ISTE Ltd. ;
|a Newport Beach, Calif. :
|b ISTE USA,
|c 2006.
|
| 300 |
|
|
|a 327 p. :
|b ill.
|
| 490 |
1 |
|
|a Geographical information systems series
|
| 500 |
|
|
|a English translation of: Le geomarketing : methodes et strategies du marketing spatial published by Hermes Science/Lavoisier in 2002.
|
| 504 |
|
|
|a Includes bibliographical references and index.
|
| 505 |
0 |
|
|a pt. 1. Consumer behavior and geographic information -- pt. 2. Retail location and geographic information -- pt. 3. Marketing management and geographic information.
|
| 533 |
|
|
|a Electronic reproduction. Ann Arbor, MI : ProQuest, 2015. Available via World Wide Web. Access may be limited to ProQuest affiliated libraries.
|
| 650 |
|
0 |
|a Target marketing.
|
| 650 |
|
0 |
|a Consumer behavior.
|
| 655 |
|
4 |
|a Electronic books.
|
| 700 |
1 |
|
|a Hughes, Eugene.
|
| 710 |
2 |
|
|a ProQuest (Firm)
|
| 830 |
|
0 |
|a Geographical information systems series.
|
| 856 |
4 |
0 |
|u https://ebookcentral.proquest.com/lib/matrademy/detail.action?docID=700725
|z Click to View
|